Países de monumentos famosos - Statistics

Estatísticas Gerais
  • Esse quiz foi jogado 409 vezes
  • A pontuação média é 13 de 15
Estatísticas das Respostas
Hint Resposta % Correto
Cristo Redentor Brasil
99%
Estátua da Liberdade Estados Unidos
98%
Coliseu Itália
98%
Taj Mahal Índia
97%
Pirâmides de Gizé Egito
96%
Big Ben Reino Unido
96%
Ópera de Sydney Austrália
95%
Machu Picchu Peru
94%
Arco do Triunfo França
92%
Sagrada Família Espanha
78%
Burj Khalifa Emirados Árabes Unidos
75%
Partenon Grécia
71%
Basílica de São Pedro Vaticano
71%
Ilha de Páscoa Chile
67%
Petra Jordânia
47%
Nenhum quiz correspondente encontrado
Distribuição das Pontuações
Porcentagem de Pessoas com Cada Pontuação
Percentil de Números Respondidos
Sua Pontuação Histórica
Você não jogou esse quiz